| 000 | 00962nam a22001937a 4500 | ||
|---|---|---|---|
| 003 | JO-AjAnu | ||
| 005 | 20240709103503.0 | ||
| 008 | 240709b jo ||||| |||| 00| 0 ara d | ||
| 040 |
_aJO-AjAnu _bara _cJO-AjAnu |
||
| 041 | 1 | _hara | |
| 100 |
_aبني حمد، عمر يوسف فياض _eمعد _966107 |
||
| 245 | 1 | 0 |
_aضمانات تحقيق المحاكمة العادلة في المحاكمات عن بعد : "دراسة مقارنة" = Guarantees for achieving a fair trial in remote trials : "a comparative study" / _cاعداد عمر يوسف فياض بني حمد ؛ اشراف احمد فهد البطوش |
| 260 | _c2024 | ||
| 300 | _a74 ورقة | ||
| 500 | _aرسالة جامعية (اطروحة ماجستير) جامعة عجلون الوطنية، كلية الحقوق، تخصص القانون، 2024 | ||
| 650 | 7 | _vالمحاكمات العادلة | |
| 700 |
_aالبطوش، احمد فهد _eمشرف _966108 |
||
| 942 |
_2lcc _cTHS _n0 |
||
| 999 |
_c33606 _d33606 |
||